| 000 | 00384nam a22001457a 4500 | ||
|---|---|---|---|
| 020 | _a9780070151543 | ||
| 082 |
_a519.062 _bMUR/PR |
||
| 100 |
_aMurray R Spiegel _9883 |
||
| 100 |
_aSchiller,John J _9884 |
||
| 100 |
_aAlu srinivasan,R _9885 |
||
| 245 | _aProbability And Statistics | ||
| 250 | _a3 rd | ||
| 260 |
_aNew Delhi _bTata McGraw Hill Publishing Company Limited |
||
| 942 | _cBK | ||
| 999 |
_c14509 _d14509 |
||